000 00775nam a2200253Ia 4500
003 OSt
005 20221005034738.0
006 a|||||r|||| 00| 0
007 ta
008 221004b |||||||| |||| 00| 0 urd d
020 _a9789350738450 (hbk)
_cINR 700.00
024 _a36228
037 _b4926, 25/02/2017, Kitabi Duniya
_cTextual
040 _aCRL
_cCRL
_burd
041 _2urd
_aurd
082 _aO168,1N381x, Q6
100 _aPremi Sajid Au.
_9587642
245 0 _aWahid Premi
_b shakhsiyyat aur fan
260 _aDelhi
_bEducational publishing house India
_c2016
300 _a672p.
_ccm.
650 _aURDU POETRY
942 _hO168,1N381x, Q6
_cTEXL
_2cc
999 _c943999
_d943999